[Event "4NCL/Div2/PPA1 vs. BRI1"]
[Site "Sunningdale ENG"]
[Date "2008.05.03"]
[Round "9.5"]
[White "Dunn, Andrew"]
[Black "Buckley, David E"]
[Result "1/2-1/2"]
[WhiteElo "2210"]
[BlackElo "2238"]
[PlyCount "34"]
[EventDate "2008.05.03"]
[EventCountry "ENG"]
[SourceDate "2007.09.15"]

1. d4 d5 2. Nf3 Nf6 3. e3 g6 4. c4 Bg7 5. Nc3 O-O 6. Be2 c5 7. dxc5 Qa5 8. O-O
dxc4 9. Bxc4 Qxc5 10. Qb3 Nc6 11. Qb5 Qxb5 12. Bxb5 Bd7 13. e4 Rfd8 14. Bf4
Rac8 15. Rad1 Nb4 16. Bxd7 Nxd7 17. Bg5 Bf6 1/2-1/2

[Event "4NCL/Div2/PPA1 vs. BRI1"]
[Site "Sunningdale ENG"]
[Date "2008.05.03"]
[Round "9.6"]
[White "Walker, Martin"]
[Black "Rosen, Daniel B"]
[Result "0-1"]
[WhiteElo "2239"]
[BlackElo "2137"]
[PlyCount "130"]
[EventDate "2008.05.03"]
[EventCountry "ENG"]
[SourceDate "2007.09.15"]

1. e4 g6 2. d4 Bg7 3. Nf3 d6 4. c3 Nf6 5. Bd3 O-O 6. O-O Bg4 7. h3 Bxf3 8. Qxf3
Nc6 9. Bg5 Nd7 10. Qe3 Bf6 11. f4 e5 12. Bxf6 Nxf6 13. fxe5 dxe5 14. d5 Nb8 15.
Nd2 Nh5 16. Nc4 Qe7 17. Kh2 f6 18. Rad1 Nd7 19. d6 cxd6 20. Bc2 Nc5 21. Nxd6 b6
22. Rd2 Rad8 23. Rfd1 Kg7 24. g3 Nb7 25. Nxb7 Rxd2+ 26. Rxd2 Qxb7 27. Rd6 Rf7
28. Qd2 Re7 29. Rd8 f5 30. exf5 Qf3 31. Qg2 e4 32. fxg6 hxg6 33. Rd2 Qf5 34.
Re2 Nf6 35. Qf2 Qh5 36. Kg2 Qd5 37. Qd4 Qxa2 38. Bxe4 Qa6 39. Rf2 b5 40. Bf3
Rd7 41. Qe5 Qb6 42. Bg4 Rf7 43. Be6 Rf8 44. g4 Qb7+ 45. Kg1 Qb8 46. Qxb8 Rxb8
47. g5 Ne4 48. Rf7+ Kh8 49. h4 b4 50. c4 a5 51. Bd5 Nc5 52. Rc7 Nd3 53. c5 Rb5
54. c6 Rxd5 55. Rd7 Rc5 56. c7 Nxb2 57. Rd8+ Kg7 58. c8=Q Rxc8 59. Rxc8 a4 60.
Rc7+ Kf8 61. Rb7 Nd3 62. Kf1 b3 63. Ke2 a3 64. Kxd3 a2 65. Ra7 b2 0-1

[Event "4NCL/Div2/PPA1 vs. BRI1"]
[Site "Sunningdale ENG"]
[Date "2008.05.03"]
[Round "9.7"]
[White "Mountford, Corinne (reserve)"]
[Black "Dilleigh, Stephen P"]
[Result "0-1"]
[WhiteElo "1615"]
[BlackElo "2128"]
[PlyCount "60"]
[EventDate "2008.05.03"]
[EventCountry "ENG"]
[SourceDate "2007.09.15"]

1. d4 e6 2. Bf4 Nf6 3. e3 c5 4. c3 Be7 5. Nd2 O-O 6. Bd3 cxd4 7. exd4 d6 8. Bc2
Nbd7 9. Ngf3 b6 10. O-O Bb7 11. Qe2 Re8 12. Rfe1 Bf8 13. Qd3 g6 14. Nc4 Ba6 15.
a4 d5 16. Qe3 dxc4 17. Bh6 Ng4 18. Qf4 Nxh6 19. g4 Bb7 20. Ng5 Bd6 21. Qxd6
Qxg5 22. h3 Qd5 23. Qh2 f5 24. g5 Nf7 25. f4 h6 26. h4 hxg5 27. hxg5 Kg7 28.
Re3 Rh8 29. Qg3 Qh1+ 30. Kf2 Rh2+ 0-1

[Event "4NCL/Div2/PPA1 vs. BRI1"]
[Site "Sunningdale ENG"]
[Date "2008.05.03"]
[Round "9.8"]
[White "Garrett, Theresa"]
[Black "Bentley, Emma"]
[Result "0-1"]
[WhiteElo "1820"]
[BlackElo "1605"]
[PlyCount "136"]
[EventDate "2008.05.03"]
[EventCountry "ENG"]
[SourceDate "2007.09.15"]

1. d4 Nf6 2. c4 d5 3. Nc3 Bf5 4. Bg5 c6 5. e3 e6 6. c5 Be7 7. Nf3 Nbd7 8. Bxf6
Bxf6 9. Bd3 Bxd3 10. Qxd3 b6 11. b4 bxc5 12. bxc5 e5 13. O-O e4 14. Nxe4 dxe4
15. Qxe4+ Qe7 16. Qxc6 O-O 17. Rab1 Rfc8 18. Qd5 Nxc5 19. dxc5 Qxc5 20. Rfd1
Qxd5 21. Rxd5 Rc7 22. Nd4 Bxd4 23. exd4 h6 24. g3 Rac8 25. Rbb5 Kf8 26. Ra5 f6
27. Kg2 Kf7 28. Kf3 Re8 29. Rdc5 Rec8 30. Rxc7+ Rxc7 31. Ke4 Rd7 32. f4 g6 33.
d5 Ke7 34. Ra6 Kf7 35. f5 gxf5+ 36. Kd4 Ke7 37. Kc5 h5 38. Re6+ Kf7 39. Kc6 Rd8
40. Rd6 Rc8+ 41. Kb7 Rc2 42. a4 Rxh2 43. Rc6 Ke7 44. Kc7 Rd2 45. Re6+ Kf7 46.
Kd6 Rd4 47. a5 Ra4 48. Re7+ Kg6 49. Rxa7 f4 50. gxf4 Rxf4 51. a6 h4 52. Ra8 Ra4
53. Kc7 h3 54. Kb7 Kg7 55. Rc8 f5 56. Rc1 Kf6 57. Re1 h2 58. a7 Rb4+ 59. Kc6
Ra4 60. Kb7 Rb4+ 61. Ka6 Ra4+ 62. Kb6 f4 63. d6 Rb4+ 64. Ka5 Rb2 65. Ra1 Ra2+
66. Kb6 Rxa1 67. d7 Ke7 68. Kc7 Rxa7+ 0-1

[Event "4NCL/Div2/KHE vs. HKF2"]
[Site "Sunningdale ENG"]
[Date "2008.05.03"]
[Round "9.1"]
[White "Kwiatkowski, Feliks J"]
[Black "Johnsen, Sylvia"]
[Result "1-0"]
[WhiteElo "2216"]
[BlackElo "2043"]
[PlyCount "83"]
[EventDate "2008.05.03"]
[EventCountry "ENG"]
[SourceDate "2007.09.15"]

1. e4 g6 2. d4 c6 3. Nc3 d5 4. Nf3 Bg7 5. h3 Nf6 6. e5 Ne4 7. Nxe4 dxe4 8. Ng5
c5 9. c3 Nc6 10. Be3 cxd4 11. cxd4 Qa5+ 12. Qd2 Qxd2+ 13. Kxd2 O-O 14. Bc4 e6
15. Rhd1 Rd8 16. Ke2 a6 17. Rac1 Ne7 18. Nxe4 b5 19. Bb3 Nf5 20. Rc7 a5 21. g4
Nxe3 22. fxe3 Ba6 23. Nc5 Bc8 24. Rf1 Rf8 25. g5 a4 26. Bc2 b4 27. Bd3 a3 28.
b3 Rb8 29. Bc4 Rb6 30. h4 h5 31. Rf4 Bh8 32. Rf2 Bg7 33. Ne4 Rb7 34. Rxb7 Bxb7
35. Nd6 Bd5 36. Kd3 Rd8 37. Bxd5 exd5 38. Rxf7 Bxe5 39. dxe5 Rxd6 40. exd6 Kxf7
41. Kd4 Ke6 42. Kc5 1-0

[Event "4NCL/Div2/KHE vs. HKF2"]
[Site "Sunningdale ENG"]
[Date "2008.05.03"]
[Round "9.2"]
[White "Horn, Emilia"]
[Black "Thomas, Richard H"]
[Result "0-1"]
[WhiteElo "2052"]
[BlackElo "2185"]
[PlyCount "108"]
[EventDate "2008.05.03"]
[EventCountry "ENG"]
[SourceDate "2007.09.15"]

1. e4 g6 2. d4 Bg7 3. Nc3 c6 4. Bc4 d6 5. Nf3 Nf6 6. Qe2 O-O 7. e5 Nd5 8. Bd2
Nxc3 9. Bxc3 b5 10. Bd3 a5 11. a4 b4 12. Bd2 Ba6 13. Rd1 Bxd3 14. Qxd3 dxe5 15.
Nxe5 Qd5 16. Nf3 Nd7 17. O-O c5 18. Bf4 cxd4 19. Nxd4 e5 20. Nb3 Qxd3 21. Rxd3
Nb6 22. Be3 e4 23. Rd6 Nc4 24. Rc6 Rfc8 25. Rxc8+ Rxc8 26. Bc1 Nxb2 27. Nxa5
Rxc2 28. g3 Nxa4 29. Rd1 h5 30. Be3 Rc8 31. Nb3 Nb2 32. Rd7 Nd3 33. Nd2 f5 34.
Rb7 Bc3 35. Rb6 Ne5 36. Nb3 Rc6 37. Rb8+ Kf7 38. Rb7+ Ke6 39. Bc5 Nd3 40. Bf8
Ra6 41. Nc5+ Nxc5 42. Bxc5 Ra4 43. Kg2 Kd5 44. Be3 Ra6 45. h3 Kc4 46. g4 hxg4
47. hxg4 fxg4 48. Re7 Kd3 49. Rb7 Rc6 50. Kg3 Kc2 51. Kxg4 b3 52. Bc1 Rc4 53.
Kg5 Bb4 54. Be3 b2 0-1

[Event "4NCL/Div2/KHE vs. HKF2"]
[Site "Sunningdale ENG"]
[Date "2008.05.03"]
[Round "9.3"]
[White "Mackenzie, Colin"]
[Black "Forman, Karl L"]
[Result "1/2-1/2"]
[WhiteElo "2117"]
[BlackElo "2023"]
[PlyCount "75"]
[EventDate "2008.05.03"]
[EventCountry "ENG"]
[SourceDate "2007.09.15"]

1. c4 f5 2. g3 Nf6 3. Nf3 g6 4. Bg2 Bg7 5. O-O O-O 6. d3 d6 7. Nc3 e5 8. c5 Nc6
9. b4 e4 10. dxe4 Nxe4 11. Qb3+ Kh8 12. Bb2 Be6 13. Qxe6 Nxc3 14. Bxc3 Bxc3 15.
Rab1 Bxb4 16. cxd6 Bxd6 17. Rxb7 Re8 18. Qc4 Ne5 19. Qh4 Qd7 20. Qd4 Qg7 21.
Qa4 Qd7 22. Qa6 Qc6 23. Qxc6 Nxc6 24. e3 Rab8 25. Rfb1 Rxb7 26. Rxb7 Rb8 27.
Rxb8+ Nxb8 28. Nd4 a6 29. Bb7 Kg7 30. h4 Kf6 31. Kf1 c5 32. Nc2 h6 33. Ke2 g5
34. hxg5+ hxg5 35. Na3 Bc7 36. Nc4 a5 37. Kf3 Nd7 38. e4 1/2-1/2

[Event "4NCL/Div2/KHE vs. HKF2"]
[Site "Sunningdale ENG"]
[Date "2008.05.03"]
[Round "9.5"]
[White "Gilfillan, Andrew"]
[Black "Hogarth, Mark J"]
[Result "0-1"]
[WhiteElo "2130"]
[BlackElo "1897"]
[Annotator "Armstrong,Malcolm"]
[PlyCount "67"]
[EventDate "2008.05.03"]
[EventCountry "ENG"]
[SourceDate "2007.09.15"]

1. e4 c5 2. Nc3 Nc6 3. f4 g6 4. Nf3 Bg7 5. a4 a6 6. Bc4 e6 7. O-O Nge7 8. e5
Nd4 9. Ne4 O-O 10. c3 Nxf3+ 11. Qxf3 d5 12. exd6 Nf5 13. Qd3 b6 14. g4 Nh6 15.
Qg3 Kh8 16. d3 f5 17. gxf5 exf5 18. Bd5 Ra7 19. Ng5 Qxd6 20. Qf3 Ng4 21. Re1
Nf6 22. c4 Nxd5 23. cxd5 Re7 24. Bd2 h6 25. Rxe7 Qxe7 26. Re1 Qd6 27. Ne6 Re8
28. Bc3 Bxc3 29. bxc3 Bxe6 30. dxe6 Rxe6 31. Qa8+ Kg7 32. Qb7+ Kf6 33. Rxe6+
Qxe6 34. Kf2 {time} 0-1

[Event "4NCL/Div2/CHEDP vs. WES1"]
[Site "Sunningdale ENG"]
[Date "2008.05.03"]
[Round "9.1"]
[White "Bellin, Robert"]
[Black "Allicock, Rawle A"]
[Result "1-0"]
[WhiteElo "2407"]
[BlackElo "2301"]
[PlyCount "105"]
[EventDate "2008.05.03"]
[EventCountry "ENG"]
[SourceDate "2007.09.15"]

1. Nf3 d5 2. b3 c5 3. e3 Nf6 4. Bb2 g6 5. c4 Bg7 6. cxd5 O-O 7. Qc2 Qxd5 8. Nc3
Qf5 9. Bd3 Qg4 10. h3 Qe6 11. Ne2 Nbd7 12. Bc4 Qd6 13. d4 cxd4 14. Nexd4 a6 15.
a4 Nb6 16. Ba3 Qd8 17. O-O Bd7 18. Bd3 Rc8 19. Qd2 Re8 20. Ne5 Bf5 21. Nxf5
gxf5 22. Rad1 Ne4 23. Qe2 Nc3 24. Qh5 Qd5 25. Nc4 Nxd1 26. Nxb6 Qxd3 27. Nxc8
Rxc8 28. Qxd1 Rc3 29. Bxe7 Rxb3 30. Qxd3 Rxd3 31. Rc1 Bc3 32. Rb1 Rd7 33. Bg5
Kg7 34. Bf4 f6 35. Kf1 Be5 36. Rb4 Kf7 37. Ke2 Ke6 38. Rb6+ Kd5 39. Bxe5 fxe5
40. Rf6 b5 41. Rxa6 bxa4 42. Rxa4 Ke6 43. Ra6+ Kf7 44. g4 fxg4 45. hxg4 Rb7 46.
Rh6 Kg7 47. Re6 Rb5 48. Kf3 Kf7 49. Rh6 Kg7 50. Rh5 Kg6 51. Kg3 h6 52. f3 Ra5
53. Kh4 1-0

[Event "4NCL/Div2/CHEDP vs. WES1"]
[Site "Sunningdale ENG"]
[Date "2008.05.03"]
[Round "9.2"]
[White "Webb, Richard M"]
[Black "Wallace, Paul A"]
[Result "1/2-1/2"]
[WhiteElo "2259"]
[BlackElo "2258"]
[PlyCount "64"]
[EventDate "2008.05.03"]
[EventCountry "ENG"]
[SourceDate "2007.09.15"]

1. e4 e5 2. Nf3 Nc6 3. Bb5 Bc5 4. O-O Nd4 5. Nxd4 Bxd4 6. c3 Bb6 7. d4 c6 8.
Ba4 d6 9. Na3 Nf6 10. Bg5 O-O 11. Nc4 Bc7 12. dxe5 dxe5 13. Qxd8 Rxd8 14. Bb3
Be6 15. Ne3 Rd7 16. Bxf6 gxf6 17. Rfd1 Rad8 18. Rxd7 Rxd7 19. Bxe6 fxe6 20. Rd1
Rxd1+ 21. Nxd1 Bb6 22. Kf1 Kf7 23. Ke2 f5 24. Ne3 Bxe3 25. Kxe3 Kf6 26. Kf3 Kg5
27. Ke3 Kg4 28. h3+ Kh4 29. Kf3 Kg5 30. Ke3 Kh4 31. Kf3 Kg5 32. Ke3 Kh4 1/2-1/2

[Event "4NCL/Div2/CHEDP vs. WES1"]
[Site "Sunningdale ENG"]
[Date "2008.05.03"]
[Round "9.3"]
[White "Sharp, John R"]
[Black "Lock, Gavin R"]
[Result "0-1"]
[WhiteElo "2155"]
[BlackElo "2228"]
[PlyCount "34"]
[EventDate "2008.05.03"]
[EventCountry "ENG"]
[SourceDate "2007.09.15"]

1. e4 e6 2. d4 d5 3. Nd2 Nc6 4. c3 e5 5. exd5 Qxd5 6. Ngf3 exd4 7. Bc4 Qh5 8.
O-O Be6 9. Bxe6 fxe6 10. Qb3 O-O-O 11. Qxe6+ Kb8 12. cxd4 Nf6 13. Ne4 Re8 14.
Nxf6 gxf6 15. Qc4 Bd6 16. d5 Rhg8 17. dxc6 Qxf3 0-1

[Event "4NCL/Div2/CHEDP vs. WES1"]
[Site "Sunningdale ENG"]
[Date "2008.05.03"]
[Round "9.4"]
[White "Simons, Martin J"]
[Black "Bennett, Patrick"]
[Result "1-0"]
[WhiteElo "2221"]
[BlackElo "2128"]
[PlyCount "57"]
[EventDate "2008.05.03"]
[EventCountry "ENG"]
[SourceDate "2007.09.15"]

1. e4 e6 2. d3 d5 3. Nd2 Nf6 4. Ngf3 Nc6 5. c3 Bd6 6. g3 O-O 7. Bg2 e5 8. O-O
h6 9. Re1 Be6 10. Nf1 dxe4 11. dxe4 Qd7 12. Ne3 Nxe4 13. Nxe5 Nxe5 14. Bxe4 c6
15. f4 Bg4 16. Nxg4 Nxg4 17. Kg2 Rad8 18. Bf3 Nf6 19. Be3 Qc7 20. Qa4 b5 21.
Qxa7 Qxa7 22. Bxa7 c5 23. a4 b4 24. cxb4 cxb4 25. a5 Rc8 26. a6 Rc2+ 27. Re2
Rfc8 28. Rxc2 Rxc2+ 29. Kh1 1-0

[Event "4NCL/Div2/CHEDP vs. WES1"]
[Site "Sunningdale ENG"]
[Date "2008.05.03"]
[Round "9.5"]
[White "McKenna, Jason P"]
[Black "Yeo, Michael J"]
[Result "1-0"]
[WhiteElo "2134"]
[BlackElo "2120"]
[PlyCount "97"]
[EventDate "2008.05.03"]
[EventCountry "ENG"]
[SourceDate "2007.09.15"]

1. e4 e5 2. Nf3 Nc6 3. Bb5 a6 4. Ba4 d6 5. Bxc6+ bxc6 6. d4 f6 7. Nc3 Ne7 8.
O-O Ng6 9. Be3 Be7 10. Re1 O-O 11. Qd3 Kh8 12. h3 Qe8 13. Rad1 f5 14. dxe5 fxe4
15. Nxe4 Rxf3 16. exd6 Ne5 17. Qe2 cxd6 18. Nxd6 Bxd6 19. Rxd6 Rf6 20. Bc5 Bxh3
21. Qxe5 Qg6 22. Qe4 Rxd6 23. Bxd6 Bf5 24. Qd4 Bxc2 25. Re7 Rd8 26. Qe5 h6 27.
Re6 Qg5 28. Qxg5 hxg5 29. Bb4 Rd1+ 30. Kh2 Rd4 31. Rxc6 Rh4+ 32. Kg3 Bf5 33.
Bc3 Rg4+ 34. Kf3 Be4+ 35. Kxg4 Bxc6 36. g3 Kg8 37. Kxg5 Kf7 38. Kf5 g6+ 39. Ke5
Ke7 40. Bb4+ Kd7 41. f4 Bb5 42. Kf6 Bd3 43. g4 Kc6 44. Ke5 Kb5 45. Bc3 a5 46.
f5 gxf5 47. gxf5 a4 48. a3 Kc6 49. Ke6 1-0

[Event "4NCL/Div2/CHEDP vs. WES1"]
[Site "Sunningdale ENG"]
[Date "2008.05.03"]
[Round "9.6"]
[White "Jenks, Bruce"]
[Black "Berglitz, Regina H"]
[Result "1-0"]
[WhiteElo "2137"]
[BlackElo "2103"]
[PlyCount "97"]
[EventDate "2008.05.03"]
[EventCountry "ENG"]
[SourceDate "2007.09.15"]

1. d4 d5 2. Bf4 Nf6 3. e3 e6 4. Nf3 Bd6 5. Ne5 O-O 6. Bd3 c5 7. c3 b6 8. Qe2
Qc7 9. Nd2 Nc6 10. Ndf3 Ne4 11. Nxc6 Bxf4 12. exf4 Qxc6 13. Ne5 Qb7 14. O-O f6
15. Nf3 Bd7 16. Rfe1 Bc6 17. Nd2 Nxd2 18. Qxd2 Rae8 19. Re3 c4 20. Bc2 b5 21.
Rae1 Bd7 22. Rh3 f5 23. a3 Qc7 24. g4 g6 25. Re5 Rf7 26. gxf5 gxf5 27. Rg3+ Rg7
28. Qe2 Rf8 29. Qh5 Qd8 30. Ree3 Rff7 31. Qh6 Qf6 32. Qxf6 Rxf6 33. Bd1 Rh6 34.
Bf3 Rh4 35. Rxg7+ Kxg7 36. Bxd5 Kf6 37. Bb7 Rxf4 38. Rh3 Rg4+ 39. Kf1 Kg7 40.
Ke2 Rg1 41. Rg3+ Rxg3 42. hxg3 Kf6 43. Ke3 Kg5 44. d5 e5 45. Bc6 f4+ 46. Ke4
Bh3 47. Kxe5 fxg3 48. fxg3 Bg2 49. Bxb5 1-0

[Event "4NCL/Div2/CHEDP vs. WES1"]
[Site "Sunningdale ENG"]
[Date "2008.05.03"]
[Round "9.7"]
[White "Simmons, Matthew"]
[Black "Rutter, Nicholas"]
[Result "1/2-1/2"]
[WhiteElo "2061"]
[BlackElo "2186"]
[PlyCount "83"]
[EventDate "2008.05.03"]
[EventCountry "ENG"]
[SourceDate "2007.09.15"]

1. e4 c5 2. Nc3 e6 3. f4 d5 4. Nf3 dxe4 5. Nxe4 Nc6 6. Bb5 Bd7 7. d3 Nf6 8. Qe2
Nxe4 9. dxe4 Nd4 10. Nxd4 cxd4 11. Bd3 Bb4+ 12. Bd2 Qa5 13. a3 Bxd2+ 14. Qxd2
Qxd2+ 15. Kxd2 Bc6 16. Rhe1 O-O 17. g4 b5 18. Re2 a5 19. b3 Rac8 20. Rf1 Bd7
21. Kc1 Rc3 22. Kb2 Rb8 23. Ra1 e5 24. f5 f6 25. h4 Be8 26. g5 Bf7 27. Rd2 Bc4
28. Rad1 Kf7 29. Kb1 Rc8 30. bxc4 bxc4 31. Bf1 Rxa3 32. c3 Rxc3 33. Rb2 a4 34.
Rb7+ Kf8 35. Rc1 Rxc1+ 36. Kxc1 d3 37. gxf6 gxf6 38. Rxh7 Kg8 39. Ra7 Rd8 40.
Rxa4 Rd4 41. Bxd3 Rxd3 42. Rxc4 1/2-1/2

[Event "4NCL/Div2/CHEDP vs. WES1"]
[Site "Sunningdale ENG"]
[Date "2008.05.03"]
[Round "9.8"]
[White "Moore, Gillian A"]
[Black "Rowe, Peter"]
[Result "1-0"]
[WhiteElo "1905"]
[BlackElo "2051"]
[PlyCount "99"]
[EventDate "2008.05.03"]
[EventCountry "ENG"]
[SourceDate "2007.09.15"]

1. d4 d5 2. e3 Nf6 3. Bd3 c6 4. Nd2 Bg4 5. Ngf3 e6 6. O-O Nbd7 7. e4 dxe4 8.
Nxe4 Nxe4 9. Bxe4 Nf6 10. Re1 Be7 11. c3 O-O 12. Qc2 Nxe4 13. Qxe4 Bf5 14. Qe2
c5 15. Bf4 Bg4 16. Rad1 Qd5 17. c4 Qf5 18. Qd2 Bxf3 19. gxf3 cxd4 20. Qxd4 Rfd8
21. Qe4 Qxe4 22. fxe4 Bb4 23. Rf1 a5 24. Be3 a4 25. f3 Kf8 26. Kf2 Ke8 27. Ke2
Rdc8 28. Rc1 Ra5 29. Rfd1 Rh5 30. Bf4 Rhc5 31. b3 axb3 32. axb3 e5 33. Be3 R5c6
34. Rd5 f6 35. Rb5 Ba3 36. Ra1 Bb2 37. Ra7 Ra6 38. Rbxb7 Rxa7 39. Bxa7 Kf8 40.
Kd3 h5 41. Rb8 Rxb8 42. Bxb8 Bd4 43. b4 g5 44. Bd6+ Ke8 45. h3 Kd7 46. c5 Kc6
47. Kc4 Bb2 48. b5+ Kd7 49. Kd5 Bd4 50. b6 1-0